[Event "New Delhi Parsvnath op-C 17th"]
[Site "New Delhi"]
[Date "2019.01.13"]
[Round "1.7"]
[White "Singh, Surypratap"]
[Black "Marium, Fatima"]
[Result "0-1"]
[WhiteElo "1181"]
[BlackElo "1494"]
[PlyCount "88"]
[EventDate "2019.01.13"]
[EventType "swiss"]
[EventRounds "10"]
[EventCountry "IND"]
[SourceTitle "EXT 2024"]
[Source "ChessBase"]
[SourceDate "2023.10.10"]
[SourceVersion "1"]
[SourceVersionDate "2023.10.10"]
[SourceQuality "1"]

1. d4 Nf6 2. c4 e6 3. Nf3 Be7 4. e3 d5 5. Nc3 0-0 6. cxd5 exd5 7. Bd3 c6 8. 0-0 Qc7 9. Qc2 Bd6 10. Bf5 Bxf5 11. Qxf5 Re8 12. Qc2 Nbd7 13. h3 Nf8 14. b3 h6 15. Bb2 Re6 16. Rac1 Qd7 17. Na4 Ne4 18. Nc5 Nxc5 19. dxc5 Bc7 20. Rfd1 Bd8 21. Qd3 Bf6 22. Bxf6 Rxf6 23. Nd4 Rg6 24. Nf5 Ne6 25. b4 Ng5 26. Ng3 Qe7 27. Re1 Re8 28. Qd4 h5 29. Kh2 h4 30. Nf5 Qd7 31. Nxh4 Re4 32. Qxe4 Nxe4 33. Nxg6 fxg6 34. Re2 Qf5 35. Rcc2 Qe5+ 36. g3 Ng5 37. Kg2 Qe4+ 38. Kg1 Nxh3+ 39. Kh2 Ng5 40. Rb2 Nf3+ 41. Kh1 Ne1+ 42. f3 Nxf3 43. Rg2 Qxe3 44. Rbe2 Qc1+ 0-1